Environmental performance monitoring systems

Na minha lista:
Detalhes bibliográficos
Formato: Livro
Idioma:Undetermined
Publicado em: London Investment in Quality and Worldwide Service 1992
Assuntos:
Tags: Adicionar Tag
Sem tags, seja o primeiro a adicionar uma tag!
Thư viện lưu trữ: Trung tâm Học liệu Trường Đại học Cần Thơ
LEADER 00480nam a2200169Ia 4500
001 CTU_23481
008 210402s9999 xx 000 0 und d
082 |a 363.7025 
082 |b E56 
245 0 |a Environmental performance monitoring systems 
260 |a London 
260 |b Investment in Quality and Worldwide Service 
260 |c 1992 
650 |a environmental monitoring 
650 |x Catalog 
904 |i Truc 
980 |a Trung tâm Học liệu Trường Đại học Cần Thơ